Ekstraklasa wszyscy strzelcy goli sezon 2021/22: - Statystyki

Ogólne statystyki
  • Ten quiz został rozwiązany 91 razy
    55 od ostatniego zresetowania
  • Średni wynik to 69 z 252
Statystyki odpowiedzi
Hint Odpowiedź % Poprawnych
RCZ Ivi Lopez
74%
LPO Mikael Ishak
74%
LEG Tomas Pekhart
74%
LEG Josue
71%
POG Kamil Grosicki
69%
GÓR Lukas Podolski
63%
LEG Paweł Wszołek
63%
JAG Jesus Imaz
60%
ŚLĄ Erik Exposito
57%
LPO Jakub Kamiński
57%
POG Luka Zahović
57%
RCZ Vladislavs Gutkovskis
57%
GÓR Bartosz Nowak
54%
GKŁ Bartosz Śpiączka
54%
LEG Ernest Muci
54%
LPO Joao Amaral
54%
LPO Michał Skóraś
54%
POG Sebastian Kowalczyk
54%
RCZ Tomas Petrasek
54%
LEG Bartosz Slisz
51%
LGD Łukasz Zwoliński
51%
LEG Maciej Rosołek
51%
WIS Yaw Yeboah
51%
WAR Adam Zrelak
49%
RCZ Fran Tudor
49%
JAG Marc Gual
49%
LPO Alan Czerwiński
46%
LPO Bartosz Salamon
46%
ŚLĄ Fabian Piasecki
46%
PIA Jakub Czerwiński
46%
LEG Maik Nawrocki
46%
STM Mateusz Mak
46%
POG Michał Kucharczyk
46%
RCZ Patryk Kun
46%
WPŁ Rafał Wolski
46%
LPO Adriel Ba Loua
43%
LPO Antonio Milić
43%
LGD Flavio Paixao
43%
POG Jean Carlos
43%
PIA Kamil Wilczek
43%
LPO Lubomir Satka
43%
RCZ Mateusz Wdowiak
43%
LEG Mateusz Wieteska
43%
LPO Pedro Rebocho
43%
BBT Piotr Wlazło
43%
LPO Radosław Murawski
43%
POG Damian Dąbrowski
40%
PIA Damian Kądzior
40%
LPO Dawid Kownacki
40%
ZAG Filip Starzyński
40%
POG Kacper Kozłowski
40%
RAD Karol Angielski
40%
POG Maciej Żurawski
40%
LPO Barry Douglas
37%
LPO Dani Ramirez
37%
POG Jakub Bartkowski
37%
GKŁ Janusz Gol
37%
POG Kamil Drygas
37%
CRA Kamil Pestka
37%
GÓR Krzysztof Kubica
37%
WAR Łukasz Trałka
37%
WPŁ Mateusz Szwoch
37%
LEG Rafael Lopes
37%
POG Rafał Kurzawa
37%
ŚLĄ Robert Pich
37%
JAG Taras Romanczuk
37%
RCZ Zoran Arsenić
37%
PIA Ariel Mosór
34%
RAD Dominik Sokół
34%
GÓR Erik Janza
34%
RCZ Giannis Papanikolau
34%
GÓR Jesus Jimenez
34%
RAD Leandro
34%
WIS Luis Fernandez
34%
WPŁ Łukasz Sekulski
34%
LGD Maciej Gajos
34%
POG Mariusz Fornalczyk
34%
CRA Michał Rakoczy
34%
LPO Nika Kvekveskiri
34%
RCZ Ben Lederman
31%
CRA Cornel Rapa
31%
CRA Jakub Myszor
31%
LGD Jarosław Kubicki
31%
LPO Jesper Karlstrom
31%
STM Krystian Getinger
31%
LEG Mahir Emreli
31%
GKŁ Marcel Wędrychowski
31%
RCZ Marcin Cebula
31%
BBT Mateusz Grzybek
31%
WAR Michał Kopczyński
31%
BBT Muris Mesanović
31%
LEG Patryk Sokołowski
31%
ZAG Patryk Szysz
31%
LPO Pedro Tiba
31%
CRA Pelle van Amersfoort
31%
RCZ Sebastian Musiolik
31%
WIS Stefan Savić
31%
RCZ Andrzej Niewulis
29%
WPŁ Damian Rasak
29%
BBT Ernest Terpiłowski
29%
LGD Ilkay Durmus
29%
CRA Marcos Alvarez
29%
WPŁ Marko Kolar
29%
POG Mateusz Łęgowski
29%
PIA Michał Chrapek
29%
WPŁ Piotr Tomasik
29%
CRA Rivaldinho
29%
CRA Sergiu Hanca
29%
BBT Adam Radwański
26%
WAR Adrian Lis
26%
WIS Felicio Brown Forbes
26%
STM Grzegorz Tomasiewicz
26%
ZAG Kacper Chodyna
26%
WPŁ Kristian Vallo
26%
STM Maciej Domański
26%
WAR Mateusz Kupczak
26%
STM Mateusz Matras
26%
ŚLĄ Mateusz Praszelik
26%
WIS Michal Frydrych
26%
LGD Michał Nalepa
26%
WIS Michal Skvarka
26%
ŚLĄ Petr Schwarz
26%
POG Piotr Parzyszek
26%
PIA Arkadiusz Pyrka
23%
WPŁ Damian Warchoł
23%
RAD Dawid Abramowicz
23%
WAR Dawid Szymonowicz
23%
CRA Florian Loshaj
23%
LEG Ihor Kharatin
23%
WIS Jan Kliment
23%
LGD Kacper Sezonienko
23%
ZAG Łukasz Łakomy
23%
WIS Maciej Sadlok
23%
LGD Marco Terrazzino
23%
PIA Martin Konczkowski
23%
CRA Matej Rodin
23%
WIS Mateusz Młyński
23%
RAD Maurides
23%
RCZ Milan Rundić
23%
CRA Otar Kakabadze
23%
GÓR Rafał Janicki
23%
BBT Samuel Stefanik
23%
WIS Serafin Szota
23%
PIA Tomas Huk
23%
JAG Tomas Prikryl
23%
LPO Tomasz Kędziora
23%
ŚLĄ Victor Garcia
23%
WIS Zdenek Ondrasek
23%
JAG Bartosz Bida
20%
JAG Błażej Augustyn
20%
LGD Conrado
20%
GKŁ Damian Gąska
20%
WIS Dor Hugi
20%
WIS Elvis Manu
20%
JAG Fedor Cernych
20%
WPŁ Filip Lesniak
20%
WIS Heorhij Tsitaishvili
20%
PIA Jakub Holubek
20%
WAR Jan Grzesik
20%
BBT Kacper Śpiewak
20%
ZAG Koki Hinokio
20%
RAD Luis Machado
20%
WIS Marko Poletanović
20%
STM Mateusz Żyro
20%
JAG Michał Żyro
20%
WAR Miguel Luis
20%
WAR Milan Corryn
20%
GÓR Piotr Krawczyk
20%
BBT Wiktor Biedrzycki
20%
GÓR Alasana Manneh
17%
PIA Alberto Toril
17%
ŚLĄ Caye Quintana
17%
GÓR Dani Pacheco
17%
RCZ Deian Sorescu
17%
WPŁ Dusan Lagator
17%
CRA Filip Balaj
17%
WAR Frank Castaneda
17%
GÓR Higinio Marin
17%
JAG Israel Puerto
17%
LGD Jakub Kałuziński
17%
GKŁ Jason Lokilo
17%
WPŁ Jorginho
17%
WIS Konrad Gruszkowski
17%
POG Kostas Triantafyllopulos
17%
ZAG Łukasz Poręba
17%
STM Maksymilian Sitek
17%
ZAG Martin Dolezal
17%
RAD Mateusz Radecki
17%
LGD Mateusz Żukowski
17%
LEG Mattias Johansson
17%
WAR Miłosz Szczepański
17%
WIS Nikola Kuveljić
17%
RAD Raphael Rossi
17%
WAR Robert Ivanov
17%
BBT Tomas Poznar
17%
LGD Tomasz Makowski
17%
ZAG Tomasz Pieńko
17%
RCZ Wiktor Długosz
17%
GÓR Adrian Gryszkiewicz
14%
STM Arkadiusz Kasperkiewicz
14%
WIS Aschraf El Mahdioui
14%
WPŁ Damian Michalski
14%
GÓR Dariusz Pawłowski
14%
LGD Filip Koperski
14%
CRA Hebo Rasmussen
14%
ZAG Jakub Żubrowski
14%
STM Marcin Flis
14%
PIA Michael Ameyaw
14%
BBT Michal Hubinek
14%
JAG Miłosz Matysik
14%
BBT Nemanja Tekijaski
14%
GKŁ Przemysław Banaszak
14%
JAG Przemysław Mystkowski
14%
WPŁ Radosław Cielemęcki
14%
GÓR Robert Dadok
14%
ZAG Sasa Zivec
14%
POG Vahan Bichakchyan
14%
JAG Andrzej Trubeha
11%
JAG Diego Carioca
11%
ŚLĄ Dino Stiglec
11%
RCZ Fabio Sturgeon
11%
JAG Filip Piszczek
11%
WIS Gieorgij Zhukov
11%
GKŁ Jonathan De Amo
11%
ZAG Lorenco Simić
11%
RAD Mario Rondon
11%
ZAG Mateusz Bartolewski
11%
GÓR Mateusz Cholewiak
11%
WIS Sebastian Ring
11%
WPŁ Anton Krivotsyuk
9%
BBT Artem Putiwcew
9%
STM Bożydar Chorbadzhiyski
9%
LGD Christian Clemens
9%
ŚLĄ Dennis Jastrzembski
9%
STM Dominik Steczyk
9%
ZAG Erik Daniel
9%
ZAG Kamil Kruk
9%
JAG Karol Struski
9%
STM Konrad Wrzesiński
9%
PIA Kristopher Vida
9%
ŚLĄ Marcel Zylla
9%
LEG Mateusz Hołownia
9%
STM Oskar Zawada
9%
ŚLĄ Patryk Janasik
9%
ŚLĄ Szymon Lewkot
9%
RAD Tiago Matos
9%
ZAG Tomas Zajic
9%
ŚLĄ Adrian Łyszczarz
6%
ŚLĄ Diogo Verdasca
6%
ZAG Evgeniy Bashkirov
6%
WAR Konrad Matuszewski
6%
PIA Nikola Stojiljković
6%
Nie znaleziono quizów pasujących do podanych kryteriów
Rozkład punktacji
Procent ludzi z każdym wynikiem
Percentyl według liczby udzielonych odpowiedzi
Twoja historia wyników
Nie rozwiązałeś tego quizu od ostatniego zresetowania